000
00338nam a22001457a 4500
008
180814b xxu||||| |||| 00| 0 eng d
020
_a
0803920628
041
_a
eng
080
_a
37
082
_a
37
100
_a
46
101
_a
EDU
245
_a
The integrative research review a systematic approach
_c
Cooper.H.M
942
_2
udc
_c
BK
999
_c
47108
_d
47108